00677nam a2200193Ia 4500003000900000008004100009020002200050040001600072080002000088100002200108245008500130260004800215300001300263650002600276650002100302942000700323999001700330952013600347IN-BaIIA211028s9999 xx 000 0 eng d a978-1-107-01657-6 cIIA Library a524.3-54bIBE-2 aIben, Icko935638 0aStellar evolution physicsbvol. 2, advanced evolution of single starscIcko Iben aCambridgebCambridge University Pressc2013 ax, 605p. aStar evolution924939 aStellar dynamics cBK c18566d18566 00104070aBANbBANcGENd2013-03-26eANJ g3874.00l0o524.3-54/ IBE-2p19488r2021-11-05v3874.00w2013-03-26yBKGRs. 3874.00